• 首页
  • 本馆介绍
  • 公告通知
  • 最新文献
  • 馆藏检索
  • 电子资源
  • 读者导购
  • 参考咨询
  • 我的图书馆
  • 登录
  • 详细信息显示
  • 放入我的书架
  • 预约/预借图书
  • 作者相关作品
  • 分类相关作品
  • 丛书相关作品
  • 出版社相关作品

书目信息

  • 表格格式
  • 工作单格式
  • 卡片格式
题名:
砖石结构构件计算
    
 
作者: 陆能源 著
分册:  
出版信息: 北京   中国建筑工业出版社  1981
页数: 144页
开本: 19cm
丛书名: 建筑结构基本知识丛书
单 册:
中图分类: TU200
科图分类:
主题词: 建筑设计
电子资源:
ISBN:
000 00715nam2 2200265 45
001 0181006486
005 20040517112643.7
010    @dCNY0.40
091    @a15040.4174
100    @a19950404d1981 em y0chiy0121 ea
101 0  @achi
102    @aCN@b110000
105    @ay z 000yy
106    @ar
200 10 @a砖石结构构件计算@Azhuan shi jie gou gou jian ji suan@f陆能源著
210    @a北京@c中国建筑工业出版社@d1981
215    @a144页@d19cm
225 2  @a建筑结构基本知识丛书
410  0 @120010@a建筑结构基本知识丛书
606 0  @a建筑设计
690    @aTU200
701  0 @a陆能源@Alu neng yuan@4著
801  0 @aCN@b上海图书馆@c20040517
801  2 @aCN@bNLC@c20040517
905    @f4@b98526-529@dTU200@e22
    
    砖石结构构件计算/陆能源著.-北京:中国建筑工业出版社,1981
    144页;19cm.-(建筑结构基本知识丛书)
    
    
    ISBN :CNY0.40
    
●
相关链接 在E读中查询图书 在五车中查询图书 在当当中查询图书 在豆瓣中查询图书


正题名:砖石结构构件计算     索取号:TU200/22         预约/预借

序号 登录号 条形码 馆藏地/架位号 状态 备注
1 0098526   001481015   密集书库/ [索取号:TU200/22] 在馆    
2 0098527   001481024   第二样本阅览室/ [索取号:TU200/22] 在馆    
3 0098528   001481033   密集书库/ [索取号:TU200/22] 在馆    
4 0098529   001481042   第三借阅区/ [索取号:TU200/22] 在馆    
唐山师范学院图书馆 欢迎您!
大连网信软件有限公司© 版权所有